| 000 | 00729nam a2200253 a 4500 | ||
|---|---|---|---|
| 001 | BRL_1790 | ||
| 005 | 20190320211353.0 | ||
| 008 | 030815s1983----mx-a######---#000-0#spa-# | ||
| 020 | _a9681615344 | ||
| 041 | _aspa | ||
| 044 | _amx | ||
| 050 | 4 |
_aF1219.3.R38 _b.C38 1983 |
|
| 100 | 1 |
_aCaso, Alfonso _d1896-1970 _918336 |
|
| 245 | 1 | 0 |
_aEl pueblo de Sol _cAlfonso Caso. |
| 260 |
_aMéxico _bFondo de Cultura Económica, SEP _c1983 |
||
| 300 |
_a[133] p., xvi laminas _bil. _c21 cm. |
||
| 440 | 0 |
_aLecturas mexicanas _v10 _927886 |
|
| 500 | _aAu1995 | ||
| 504 | _aBibliografía: [p. 126-128] | ||
| 650 | 1 | 4 |
_aAztecas _92396 |
| 650 | 1 | 4 |
_aIndígenas de México _xReligión y Mitología _923675 |
| 902 | _aGRL | ||
| 942 |
_2lcc _cB |
||
| 999 |
_c10598 _d10598 |
||